header

Female hepatology (Record no. 60252)

MARC details
000 -LEADER
fixed length control field 02065nam a2200361 a 4500
082 04 - DEWEY DECIMAL CLASSIFICATION NUMBER
Classification number 616.3/62
100 1# - MAIN ENTRY--AUTHOR NAME
Personal name Shimizu, Ichiro,
245 10 - TITLE STATEMENT
Title Female hepatology
260 ## - PUBLICATION, DISTRIBUTION, ETC. (IMPRINT)
Place of publication Hauppauge, N.Y. :
Name of publisher Nova Science Publishers,
Year of publication c2009.
300 ## - PHYSICAL DESCRIPTION
Number of Pages ix, 233 p. :
Other physical details ill.
490 1# - SERIES STATEMENT
Series statement Hepatology research and clinical developments series
505 0# - FORMATTED CONTENTS NOTE
Formatted contents note Liver cancer is predominant in men and postmenopausal women -- Chronic hepatitis C and B progress more slowly in females than males -- Hepatic fibrosis and oxidative stress -- Female sex hormones in hepatic fibrosis -- Ms, you can never become an 'iron lady' -- Immune response is affected by estrogens, progesterone and testosterone -- Females and non-alcoholic fatty liver disease -- 'Female paradox' in alcoholic liver disease -- Autoimmune liver diseases in females -- Are estrogens useful as a therapeutic drug for chronic liver disease? -- Sex and gender specific medicine in chronic liver disease.
650 #0 - SUBJECT ADDED ENTRY--TOPICAL TERM
Topical Term Liver
Topical Term Women
Topical Term Chronic diseases
856 40 - ELECTRONIC LOCATION AND ACCESS
Uniform Resource Identifier http://site.ebrary.com/lib/rucke/Doc?id=10680846

No items available.

© 2026 Rongo University
Contact us: librarian | system librarian | Rongo university